| 000 | 00992nam a2200241Ia 4500 | ||
|---|---|---|---|
| 001 | 10020 | ||
| 003 | GE_BSU | ||
| 008 | 181216s||||||||xx |||||||||||||| ||und|| | ||
| 040 | _cGE_BSU | ||
| 080 | _a821.353.1+821.353.1-32 | ||
| 100 | _aრაზიკაშვილი,თედო | ||
| 245 | _aთხზულებანი ორ ტომად.ტ.2.მოთხრობები | ||
| 245 | _cგამოსაც.მოამზადა ს.ყუბანეიშვილმა,სარედ.კოლ.რ.ინაშვილი,ნ.კეცხოველი,დ.ლორთქიფანიძე და სხვ. | ||
| 260 | _aთბილისი | ||
| 260 | _bნაკადული | ||
| 260 | _c1972 | ||
| 300 | _a243გვ.21სმ. | ||
| 520 | _aშენიშვნა და ლექსიკონი გვ.222-242 | ||
| 541 | _h5ლ. | ||
| 653 | _aთხზულებანი | ||
| 653 | _aმოთხრობები | ||
| 942 | _cBK | ||
| 999 |
_c43293 _d43293 |
||